Toán nâng cao - Giải tích. Tập 1: Tích phân và giải tích tổ hợp /
Nguyên hàm và tích phân bất định; Tích phân xác định; Giải tích tổ hợp.
Kaydedildi:
| Yazar: | |
|---|---|
| Materyal Türü: | Kitap |
| Dil: | Vietnamese |
| Baskı/Yayın Bilgisi: |
Hà Nội :
Nxb. Hà Nội,
2003.
|
| Konular: | |
| Etiketler: |
Etiketle
Etiket eklenmemiş, İlk siz ekleyin!
|
| Thư viện lưu trữ: | Mạng thư viện Đại học Đà Nẵng |
|---|
| LEADER | 01217cam a2200361 4500 | ||
|---|---|---|---|
| 001 | 000044374 | ||
| 003 | 2745 | ||
| 005 | 20060410091411.0 | ||
| 008 | 010314b2003 vm 000 vie | ||
| 020 | |c 23000 | ||
| 040 | |a LRC |b LRC |d LRC | ||
| 041 | 0 | |a vie | |
| 082 | 1 | 4 | |a 515.4 |b PH-K |
| 100 | 1 | |a Phan Huy Khải. | |
| 245 | 1 | 0 | |a Toán nâng cao - Giải tích. |n Tập 1: |p Tích phân và giải tích tổ hợp / |c Phan Huy Khải. |
| 260 | |a Hà Nội : |b Nxb. Hà Nội, |c 2003. | ||
| 300 | |a 371 tr. : |b mh. ; |c 20 cm. | ||
| 520 | 3 | |a Nguyên hàm và tích phân bất định; Tích phân xác định; Giải tích tổ hợp. | |
| 630 | 0 | 4 | |a Giải tích. |
| 630 | 0 | 4 | |a Tích phân. |
| 650 | 0 | 4 | |a Tổ hợp. |
| OWN | |a DUT | ||
| AVA | |a UDN50 |b DUT |c Book |d 515.4 PH-K |e available |t Error 5001 Not defined in file expand_doc_bib_avail. |f 5 |g 0 |h N |i 11 |j SH |k 1 | ||
| 999 | |a From the UDN01 | ||
| AVA | |a UDN50 |b DUT |c Book |d 515.4 PH-K |e available |t Error 5001 Not defined in file expand_doc_bib_avail. |f 5 |g 0 |h N |i 11 |j SH |k 1 | ||
| TYP | |a Monograph | ||
| TYP | |a Printed language | ||
| 980 | |a Mạng thư viện Đại học Đà Nẵng | ||